[Event "PRO League Atlantic 2017"]
[Site "chess.com INT"]
[Date "2017.01.25"]
[Round "3"]
[White "Quesada Perez, Yuniesky"]
[Black "Peralta, Fernando"]
[Result "1-0"]
[WhiteTitle "GM"]
[BlackTitle "GM"]
[WhiteElo "2630"]
[BlackElo "2574"]
[WhiteTeam "Miami Champions"]
[BlackTeam "Patagonia Penguins"]
[WhiteFideId "3504409"]
[BlackFideId "105309"]
[EventDate "2017.01.11"]

1. e4 e6 2. d4 d5 3. Nc3 Nf6 4. e5 Nfd7 5. f4 c5 6. Nf3 Nc6 7. Be3 cxd4 8. Nxd4
Bc5 9. Qd2 O-O 10. O-O-O a6 11. Qf2 Nxd4 12. Bxd4 Bxd4 13. Qxd4 b5 14. Bd3 Rb8
15. Kb1 Qc7 16. h4 b4 17. Ne2 a5 18. h5 a4 19. h6 g6 20. Rc1 Nc5 21. c3 Qb6 22.
Rhd1 bxc3 23. Qxc3 Nxd3 24. Rxd3 Ba6 25. Rd2 Bxe2 26. Rxe2 Qa6 27. Rec2 a3 28.
b3 Qa4 29. Qe3 Qb4 30. g3 Rfd8 31. Qd3 Qf8 32. g4 Qxh6 33. g5 Qf8 34. Qc3 Qb4
35. Qxb4 Rxb4 36. Rf2 d4 37. Kc2 h5 38. gxh6 Kh7 39. Kd3 Kxh6 40. Rh2+ Kg7 41.
Rc7 Rbb8 42. Rc4 g5 43. fxg5 Kg6 44. Rxd4 Rxd4+ 45. Kxd4 Kxg5 46. Rf2 Kg6 47.
Kc5 1-0

[Event "PRO League Atlantic 2017"]
[Site "chess.com INT"]
[Date "2017.01.25"]
[Round "3"]
[White "Mu, Joshua"]
[Black "Stripunsky, Alexander"]
[Result "1-0"]
[BlackTitle "GM"]
[WhiteElo "2203"]
[BlackElo "2536"]
[WhiteTeam "Carolina Cobras"]
[BlackTeam "New Jersey Knockouts"]
[WhiteFideId "2024420"]
[BlackFideId "2015315"]
[EventDate "2017.01.11"]

1. e4 c5 2. Nf3 e6 3. c3 Nf6 4. e5 Nd5 5. b4 cxb4 6. c4 Nc7 7. d4 d6 8. exd6
Bxd6 9. Bd3 Nd7 10. O-O Nf6 11. a3 bxa3 12. Bxa3 O-O 13. Nbd2 b6 14. Bxd6 Qxd6
15. Ne4 Qd8 16. Nxf6+ Qxf6 17. Be4 Rb8 18. Rxa7 Ne8 19. Qb1 g6 20. c5 Qd8 21.
Ne5 Qg5 22. Nc6 Rb7 23. cxb6 Nd6 24. Bd3 Qd5 25. Rxb7 Qxc6 26. Rc7 Qd5 27. Be2
Qa5 28. Bf3 Ba6 29. Rfc1 Rb8 30. b7 Kg7 31. Qa1 Qxa1 32. Rxa1 Bxb7 33. Rb1 Bxf3
34. Rxb8 Bd5 35. f3 h5 36. Kf2 Nf5 37. Rd8 Bb3 38. g4 hxg4 39. fxg4 Nh6 40. g5
Ng4+ 41. Kg3 Ne3 42. Rdd7 e5 43. dxe5 Nf5+ 44. Kf4 Be6 45. Rxf7+ Bxf7 46. e6 Kg8
47. Rxf7 Nd4 1-0

[Event "PRO League Atlantic 2017"]
[Site "chess.com INT"]
[Date "2017.01.25"]
[Round "3"]
[White "Mu, Joshua"]
[Black "Katz, Alexander R"]
[Result "1-0"]
[BlackTitle "IM"]
[WhiteElo "2203"]
[BlackElo "2335"]
[WhiteTeam "Carolina Cobras"]
[BlackTeam "New Jersey Knockouts"]
[WhiteFideId "2024420"]
[BlackFideId "2039796"]
[EventDate "2017.01.11"]

1. e4 d6 2. d4 Nf6 3. Nc3 g6 4. Bg5 Bg7 5. Qe2 h6 6. Bxf6 Bxf6 7. O-O-O O-O 8.
f4 Bg7 9. Nf3 Nd7 10. g3 c5 11. Bg2 Qa5 12. Kb1 Rb8 13. h4 h5 14. f5 cxd4 15.
Nxd4 Ne5 16. Nd5 Qd8 17. Nf4 Qb6 18. Nd5 Qd8 19. Nf4 Bd7 20. fxg6 Bg4 21. gxf7+
Rxf7 22. Qb5 Bxd1 23. Rxd1 Qb6 24. Qd5 Nc6 25. Nb3 Nb4 26. Qc4 a5 27. Bf3 Qc6
28. Nxa5 Qxc4 29. Nxc4 e5 30. Nxd6 Rd7 31. Nxh5 Rbd8 32. Nxg7 Rxd6 33. Rxd6 Rxd6
34. Nf5 Rd2 35. Nh6+ Kg7 36. Ng4 Nxc2 37. Kc1 Rd3 38. Nxe5 1-0

[Event "PRO League Atlantic 2017"]
[Site "chess.com INT"]
[Date "2017.01.25"]
[Round "3"]
[White "Hua, Lefong"]
[Black "Sanhueza, Cristian"]
[Result "1/2-1/2"]
[WhiteTitle "FM"]
[WhiteElo "2333"]
[BlackElo "2257"]
[WhiteTeam "Montreal ChessBrahs"]
[BlackTeam "Buenos Aires Krakens"]
[WhiteFideId "2602253"]
[BlackFideId "116815"]
[EventDate "2017.01.11"]

1. d4 Nf6 2. c4 g6 3. Nc3 Bg7 4. e4 d6 5. f4 O-O 6. Nf3 c5 7. d5 e6 8. Be2 exd5
9. cxd5 Bg4 10. O-O Nbd7 11. Re1 Re8 12. h3 Bxf3 13. Bxf3 Qa5 14. Be3 b5 15. a3
Nb6 16. e5 Nfd7 17. Ne4 Nc4 18. b4 Nxe3 19. Rxe3 cxb4 20. Kh1 Qb6 21. Rb3 dxe5
22. Rxb4 a5 23. Rb3 exf4 24. Rab1 Qd4 25. Qxd4 Bxd4 26. Rxb5 Rab8 27. Rxb8 Rxb8
28. Rxb8+ Nxb8 29. Nd6 Kf8 30. Nc4 Bc5 31. Nxa5 Bxa3 32. Kg1 Ke8 33. Kf1 Bb4 34.
Nc6 Nxc6 35. dxc6 Ke7 36. Bd5 f6 37. Bg8 h5 38. Bf7 Kd6 39. Bxg6 Kxc6 40. Bxh5
Kd6 41. Ke2 Ke5 42. Bg6 Ba5 43. Kf3 f5 44. Be8 Be1 45. Bd7 Bg3 46. Bc8 Kf6 47.
Ke2 Ke5 48. Kd3 Bh2 49. Bb7 Bg3 50. Kc4 Bf2 51. Bf3 Bg3 52. Kb5 Bf2 53. Kc6 Kf6
54. Kd7 Be3 55. Kd6 Bf2 56. Kd5 Bg3 57. Kd6 Bf2 58. Kd7 Bg3 59. Ke8 Kg6 60. Ke7
Be1 61. Ke6 Kg5 62. Ke5 Bg3 63. Kd5 Bh2 64. Ke6 Bg3 65. Bd1 Bf2 66. Ke5 Bg3 67.
Ke6 Bf2 68. Bc2 f3 69. gxf3 Kf4 70. Bd1 Kg3 71. Kxf5 Kxh3 72. Ke4 Kg3 73. f4 Bc5
74. f5 Kh4 75. Kd5 Ba3 76. f6 Kg5 77. f7 Kf6 78. f8=Q+ Bxf8 1/2-1/2

[Event "PRO League Atlantic 2017"]
[Site "chess.com INT"]
[Date "2017.01.25"]
[Round "3"]
[White "Hua, Lefong"]
[Black "Mareco, Sandro"]
[Result "1/2-1/2"]
[WhiteTitle "FM"]
[BlackTitle "GM"]
[WhiteElo "2333"]
[BlackElo "2645"]
[WhiteTeam "Montreal ChessBrahs"]
[BlackTeam "Buenos Aires Krakens"]
[WhiteFideId "2602253"]
[BlackFideId "112275"]
[EventDate "2017.01.11"]

1. d4 Nf6 2. c4 e6 3. Nc3 Bb4 4. f3 c5 5. d5 O-O 6. e4 Re8 7. Ne2 d6 8. Ng3 b5
9. Kf2 a6 10. Bf4 e5 11. Be3 bxc4 12. Bxc4 Nbd7 13. a3 Ba5 14. Rb1 Nf8 15. Qd3
Ng6 16. Nge2 Nh5 17. g3 Rf8 18. b4 cxb4 19. axb4 Bb6 20. Bxb6 Qxb6+ 21. Qe3 Qd8
22. Bd3 f5 23. exf5 Bxf5 24. Bxf5 Rxf5 25. Ne4 Nf6 26. Nxf6+ Qxf6 27. Kg2 Rf8
28. Rhf1 Ne7 29. Nc3 Qg6 30. Qd3 Qf7 31. Rbd1 Rf6 32. Ne4 Rg6 33. Kh1 Nf5 34. f4
Qe7 35. fxe5 Qxe5 36. Rde1 Ne7 37. Rxf8+ Kxf8 38. Rf1+ Kg8 39. Qf3 h6 40. Rd1
Kh8 41. Qf4 Qxf4 42. gxf4 Nf5 43. Rg1 Rxg1+ 44. Kxg1 Ne3 45. Nxd6 Nxd5 46. b5
axb5 47. Nxb5 Nxf4 48. Kf2 Kh7 49. Kg3 Ne6 50. Nc3 Kg6 51. Nd5 Kf5 52. Ne7+ Kf6
53. Nd5+ Ke5 54. Ne3 h5 55. Nd1 g6 56. Nf2 Nd4 57. Nd3+ Kf5 58. Nf2 g5 59. Nd3
Ke4 60. Nc5+ Ke3 61. Nd7 Nf5+ 62. Kg2 Kf4 63. Nf6 Ng7 64. Nd5+ Kf5 65. Ne7+ Kf6
66. Nd5+ Ke5 67. Ne7 Nf5 68. Nc6+ Ke4 69. Nd8 Ne3+ 70. Kf2 Ng4+ 71. Kg3 Ne5 72.
Ne6 Kf5 73. Ng7+ Kg6 74. Ne6 h4+ 75. Kg2 Kf5 76. Nd4+ Kg4 77. h3+ Kh5 78. Nf5
Kg6 79. Nd4 Kf6 80. Kf2 Ke7 81. Ke3 Kf6 82. Kf2 Kg6 83. Kg2 Nd7 84. Kf3 Nf6 85.
Ne6 Kf5 86. Nd4+ Ke5 87. Nc6+ Kd5 88. Ne7+ Ke6 89. Nc6 Kf5 90. Ne7+ Ke6 91. Nc6
Kf7 92. Nd4 Kg6 93. Nc6 Nd5 94. Nd4 Ne7 95. Kg4 Ng8 96. Kf3 Nh6 97. Ne6 Kf5 98.
Nd4+ Ke5 99. Nc6+ Kd5 100. Ne7+ Ke6 101. Nc6 Nf7 102. Kg4 Kf6 103. Nd4 Ke5 104.
Nc6+ Kf6 105. Nd4 Ne5+ 106. Kh5 Nd3 107. Nf3 Nf2 108. Nxg5 Nxh3 109. Nxh3 1/2-1/2

[Event "PRO League Atlantic 2017"]
[Site "chess.com INT"]
[Date "2017.01.25"]
[Round "3"]
[White "Pacheco, Daniel"]
[Black "Volkov, Sergey"]
[Result "0-1"]
[WhiteTitle "FM"]
[BlackTitle "GM"]
[WhiteElo "2279"]
[BlackElo "2617"]
[WhiteTeam "Patagonia Penguins"]
[BlackTeam "Miami Champions"]
[WhiteFideId "101680"]
[BlackFideId "4122763"]
[EventDate "2017.01.11"]

1. d4 d5 2. Nf3 Nf6 3. Bf4 c5 4. e3 Nc6 5. c3 Qb6 6. Na3 c4 7. Qc1 e6 8. h3 Qa5
9. Nc2 b5 10. a3 Qb6 11. Be2 a5 12. O-O Be7 13. Rb1 Ba6 14. b3 cxb3 15. Rxb3 a4
16. Rb2 Ne4 17. Nb4 Nxb4 18. cxb4 Rc8 19. Rc2 O-O 20. Bc7 Qb7 21. Ne5 Bd6 22.
Bxd6 Nxd6 23. Rc5 Ne4 24. Rxc8 Rxc8 25. Qb2 Nd6 26. Rc1 Nc4 27. Qa1 g6 28. Nd3
Qe7 29. Nc5 Bb7 30. Bxc4 dxc4 31. e4 Ba8 32. Qc3 Rd8 33. Qe3 Kg7 34. Rd1 h5 35.
Rd2 h4 36. f4 Qf6 37. Kh2 c3 38. Qxc3 Qxf4+ 39. Kg1 Kg8 40. Rf2 Qg3 41. Rf3 Qd6
42. Rd3 Qe7 43. Qd2 Kh7 44. d5 exd5 45. exd5 Rd6 46. Rd4 f5 47. Qf2 Rxd5 48.
Rxh4+ Kg8 49. Rd4 Qe5 50. Rxd5 Bxd5 51. Nd7 Qe7 52. Qa7 Bc6 53. Qb8+ Kh7 54. Ne5
Be8 55. Kh2 Kg7 56. Nf3 Kf6 57. Qf4 Kg7 58. h4 Bc6 59. Qd4+ Qf6 60. Qa7+ Kf8 61.
Qc5+ Ke8 62. Ng5 Kd7 63. Qa7+ Kc8 64. Nf7 Qxh4+ 65. Kg1 Qe1+ 66. Kh2 Qe6 67. Kg3
Qd7 68. Qa6+ Kc7 69. Qa7+ Kc8 70. Qc5 Kb7 71. Nd6+ Ka6 72. Kf4 Bxg2 73. Kg5 Bc6
74. Kxg6 f4 0-1

[Event "PRO League Atlantic 2017"]
[Site "chess.com INT"]
[Date "2017.01.25"]
[Round "3"]
[White "Wang, Tianqi"]
[Black "Benjamin, Joel"]
[Result "1-0"]
[BlackTitle "GM"]
[WhiteElo "2199"]
[BlackElo "2544"]
[WhiteTeam "Carolina Cobras"]
[BlackTeam "New Jersey Knockouts"]
[WhiteFideId "2063824"]
[BlackFideId "2000091"]
[EventDate "2017.01.11"]

1. d4 Nf6 2. Bf4 g6 3. c3 Bg7 4. h3 O-O 5. Nd2 d6 6. Ngf3 c5 7. e3 cxd4 8. exd4
Be6 9. Be2 Qb6 10. Qc1 Nc6 11. O-O Rac8 12. Re1 Rfe8 13. Nc4 Qd8 14. Qd1 Nxd4
15. Qxd4 Nh5 16. Qxa7 Nxf4 17. Ne3 Qc7 18. Qa4 d5 19. Bf1 Ra8 20. Qd1 Qc5 21.
Qd2 Bd7 22. Kh2 Bc6 23. g3 Ne6 24. Red1 Red8 25. Nd4 Ng5 26. Bg2 e5 27. Nb3 Qb6
28. Nxd5 Bxd5 29. Qxg5 Bxg2 30. Rxd8+ Rxd8 31. Kxg2 Rd3 32. Re1 h6 33. Qg4 f5
34. Qc4+ 1-0

[Event "PRO League Atlantic 2017"]
[Site "chess.com INT"]
[Date "2017.01.25"]
[Round "3"]
[White "Wang, Tianqi"]
[Black "Balakrishnan, Praveen"]
[Result "0-1"]
[BlackTitle "FM"]
[WhiteElo "2199"]
[BlackElo "2465"]
[WhiteTeam "Carolina Cobras"]
[BlackTeam "New Jersey Knockouts"]
[WhiteFideId "2063824"]
[BlackFideId "2064871"]
[EventDate "2017.01.11"]

1. Nf3 c5 2. c4 Nc6 3. b3 g6 4. Bb2 Nf6 5. e3 Bg7 6. Be2 O-O 7. d3 a6 8. O-O d6
9. Nbd2 Bd7 10. a3 b5 11. Qc2 Rb8 12. Rab1 Qb6 13. Bc3 b4 14. axb4 Nxb4 15. Qc1
Na2 16. Qc2 Nxc3 17. Qxc3 Nd5 18. Qc2 Nc3 19. Rfe1 Nxb1 20. Rxb1 Qb4 21. h3 a5
22. Bf1 a4 23. bxa4 Qxa4 24. Qc1 Rb4 25. d4 Rxb1 26. Qxb1 Qb4 27. Qd3 Bc6 28. g4
Ra8 29. d5 Bb7 30. Qe4 e6 31. Qf4 exd5 32. h4 dxc4 33. Ng5 Bd5 34. Nde4 c3 35.
Bd3 c2 36. Bxc2 Qe1+ 37. Kg2 Ra1 38. Kh3 Qf1+ 39. Kg3 Be5 40. Nf6+ Kg7 41. Nxd5
Qg1+ 42. Kf3 Qh1+ 43. Ke2 Bxf4 44. Nxf4 Ra2 45. Kd2 Qb1 0-1

[Event "PRO League Atlantic 2017"]
[Site "chess.com INT"]
[Date "2017.01.25"]
[Round "3"]
[White "Baker, Vincent J"]
[Black "Sambuev, Bator"]
[Result "0-1"]
[BlackTitle "GM"]
[WhiteElo "1960"]
[BlackElo "2539"]
[WhiteTeam "Columbus Cardinals"]
[BlackTeam "Toronto Dragons"]
[WhiteFideId "30911974"]
[BlackFideId "4128290"]
[EventDate "2017.01.11"]

1. e4 e6 2. d4 d5 3. Nc3 Bb4 4. Ne2 dxe4 5. a3 Be7 6. Nxe4 Nc6 7. Be3 Nf6 8.
Nxf6+ Bxf6 9. Qd2 b6 10. O-O-O Bb7 11. Rg1 Qd7 12. g4 O-O-O 13. Bg2 h6 14. Kb1
Na5 15. Bxb7+ Kxb7 16. Qd3 Qc6 17. Ng3 Nc4 18. Nh5 Bxd4 19. Bxd4 e5 20. Qc3 exd4
21. Rxd4 Nxa3+ 22. Ka2 Rxd4 23. Qxd4 Nxc2 24. Qf4 Rd8 25. Rc1 g5 26. Qf5 Qa4+
27. Kb1 Na3+ 28. bxa3 Qb3+ 29. Ka1 Qxa3+ 30. Kb1 Qb3+ 31. Ka1 Rd4 32. Rxc7+ Kxc7
33. Qe5+ Rd6 34. Qe7+ Rd7 35. Qe5+ Kb7 36. Qe4+ Qd5 0-1

[Event "PRO League Atlantic 2017"]
[Site "chess.com INT"]
[Date "2017.01.25"]
[Round "3"]
[White "Vovk, Andriy"]
[Black "Yudasin, Leonid"]
[Result "0-1"]
[WhiteTitle "GM"]
[BlackTitle "GM"]
[WhiteElo "2633"]
[BlackElo "2517"]
[WhiteTeam "Philadelphia Inventors"]
[BlackTeam "New York Knights"]
[WhiteFideId "14114470"]
[BlackFideId "2802341"]
[EventDate "2017.01.11"]

1. e4 e6 2. d4 d5 3. Nd2 dxe4 4. Nxe4 Bd7 5. Nf3 Bc6 6. Bd3 Nd7 7. O-O Ngf6 8.
Ned2 Be7 9. Nc4 O-O 10. Re1 b6 11. Nce5 Nxe5 12. dxe5 Nd7 13. Qe2 Nc5 14. Bc4 a5
15. Bf4 Bd5 16. Rad1 Bxc4 17. Qxc4 Qe8 18. Nd4 c6 19. Qe2 Rc8 20. Qf3 Rc7 21.
Qg4 Kh8 22. Re3 Rg8 23. Rh3 g5 24. Be3 Rg7 25. Nf3 Rd7 26. Re1 f5 27. exf6 Bxf6
28. Bxc5 bxc5 29. c3 Qg6 30. Rh5 Qf5 31. h3 Qxg4 32. hxg4 Rd6 33. Re2 a4 34. a3
Kg8 35. Nd2 Rg6 36. Rh3 Bg7 37. Rhe3 Kf7 38. Re4 Rd7 39. Rxa4 Rb7 40. Ne4 Bf8
41. Ra5 h6 42. Nxc5 Bxc5 43. Rxc5 Rb6 44. a4 Ke7 45. a5 Ra6 46. b4 Rf6 47. g3
Rf8 48. Rce5 Rf6 49. R2e3 Kd6 50. Kf1 Ra8 51. Ke2 Raf8 52. f3 Rb8 53. Kd3 Rd8
54. Kc4 Rdf8 55. Kb3 Kd7 56. c4 Rxf3 57. Rxe6 Rxg3 58. Rxg3 Kxe6 59. Rh3 Kd7 60.
Rxh6 Rf3+ 61. Ka4 Rf4 62. a6 Kc7 63. Rh7+ Kb8 64. a7+ Ka8 65. Ka5 c5 66. b5 Rf1
67. Rh8+ Kxa7 68. Rh7+ Kb8 69. Kb6 Rf6+ 70. Kxc5 Rf4 71. Kb6 Rf6+ 72. Ka5 Rf4
73. c5 Rxg4 74. c6 Rh4 75. Rxh4 gxh4 76. Kb6 h3 0-1

[Event "PRO League Atlantic 2017"]
[Site "chess.com INT"]
[Date "2017.01.25"]
[Round "3"]
[White "Vovk, Andriy"]
[Black "Paragua, Mark"]
[Result "0-1"]
[WhiteTitle "GM"]
[BlackTitle "GM"]
[WhiteElo "2633"]
[BlackElo "2492"]
[WhiteTeam "Philadelphia Inventors"]
[BlackTeam "New York Knights"]
[WhiteFideId "14114470"]
[BlackFideId "5201241"]
[EventDate "2017.01.11"]

1. e4 c5 2. Nf3 d6 3. d4 cxd4 4. Nxd4 Nf6 5. Nc3 a6 6. Be3 e5 7. Nb3 Be6 8. h3
Nc6 9. Qf3 Be7 10. O-O-O a5 11. Bb5 O-O 12. Nc5 Qc8 13. Nxe6 fxe6 14. Qe2 Kh8
15. Kb1 Na7 16. Bxa7 Rxa7 17. Bc4 a4 18. a3 Ra5 19. Bb5 Qc5 20. Bxa4 b5 21. Bxb5
Rb8 22. a4 Qb4 23. Rd3 Rxa4 24. Nxa4 Qxb5 25. f3 Qxa4 26. Rhd1 d5 27. exd5 Nxd5
28. Qxe5 Ra8 29. c3 Bf6 30. Rxd5 exd5 31. Qxd5 h6 32. Rd3 Qa1+ 33. Kc2 Rb8 34.
b4 Ra8 35. g4 Rc8 0-1

[Event "PRO League Atlantic 2017"]
[Site "chess.com INT"]
[Date "2017.01.25"]
[Round "3"]
[White "Volkov, Sergey"]
[Black "Hungaski, Robert Andrew"]
[Result "0-1"]
[WhiteTitle "GM"]
[BlackTitle "GM"]
[WhiteElo "2617"]
[BlackElo "2488"]
[WhiteTeam "Miami Champions"]
[BlackTeam "Patagonia Penguins"]
[WhiteFideId "4122763"]
[BlackFideId "2021030"]
[EventDate "2017.01.11"]

1. d4 f5 2. Nc3 d5 3. Bf4 a6 4. e3 Nf6 5. Nf3 e6 6. Bd3 c5 7. O-O c4 8. Be2 Nbd7
9. Ng5 Nb6 10. a4 Bd7 11. a5 Nc8 12. Na4 Qxa5 13. b3 cxb3 14. Nc5 Qb6 15. Nxd7
Nxd7 16. c4 Be7 17. Rb1 Bxg5 18. Rxb3 Qd8 19. cxd5 exd5 20. Bxg5 Qxg5 21. Rxb7
Nd6 22. Rc7 Qd8 23. Qc2 O-O 24. Qc6 Nf6 25. Bf3 Kh8 26. h3 a5 27. Ra1 Nde4 28.
Qb7 Nd6 29. Qc6 Rf7 30. Rxf7 Nxf7 31. Qe6 Ng5 32. Qxf5 Nxf3+ 33. Qxf3 a4 34. Qd1
a3 35. Qb3 Qa5 36. f3 a2 37. Kh1 h6 38. Qb7 Qa7 39. Qb2 Qa3 40. Qb7 Re8 41. e4
dxe4 42. fxe4 Nxe4 43. Qf7 Ra8 44. Qb7 Nd2 45. d5 Nb3 46. Rxa2 Qxa2 47. Qe7 Qa1+
48. Kh2 Qf6 49. Qc7 Re8 50. Qc4 Nd4 51. Qb4 Qf4+ 52. Kh1 Rc8 53. g3 Qf1+ 54. Kh2
Nf3# 0-1

[Event "PRO League Atlantic 2017"]
[Site "chess.com INT"]
[Date "2017.01.25"]
[Round "3"]
[White "Volkov, Sergey"]
[Black "Leskovar, Matias"]
[Result "1/2-1/2"]
[WhiteTitle "GM"]
[BlackTitle "FM"]
[WhiteElo "2617"]
[BlackElo "2306"]
[WhiteTeam "Miami Champions"]
[BlackTeam "Patagonia Penguins"]
[WhiteFideId "4122763"]
[BlackFideId "106844"]
[EventDate "2017.01.11"]

1. d4 Nf6 2. c4 e6 3. Nc3 d5 4. cxd5 exd5 5. Bg5 Be7 6. e3 O-O 7. Nf3 c6 8. Qc2
Nbd7 9. Bd3 Re8 10. O-O Ne4 11. Bf4 Ndf6 12. Ne5 Nxc3 13. bxc3 Bd6 14. h3 h6 15.
a4 c5 16. a5 c4 17. Be2 Ne4 18. a6 b5 19. Rfb1 Bxe5 20. Bxe5 Bf5 21. Rxb5 Nd6
22. Qb2 Nxb5 23. Qxb5 Re6 24. Bf3 Be4 25. Bxe4 dxe4 26. Qxc4 Rc8 27. Qb4 Rb6 28.
Qa5 f6 29. Qa2+ Kh8 30. Bf4 Rxc3 31. Qf7 Qc8 32. Qxa7 Rcc6 33. Qf7 Rxa6 34. Rxa6
Rxa6 35. d5 Ra1+ 36. Kh2 Rd1 37. d6 Qf5 38. g4 Qd5 39. Qg6 Qd2 40. Qe8+ Kh7 41.
Qxe4+ Kg8 42. Bg3 Qd5 43. Qe8+ Kh7 44. e4 Qd3 45. Qe6 Qf1 46. Qf5+ Kh8 47. Qc8+
Kh7 48. Qf5+ Kh8 49. Qc8+ Kh7 50. Qf5+ Kh8 51. Qc8+ 1/2-1/2

[Event "PRO League Atlantic 2017"]
[Site "chess.com INT"]
[Date "2017.01.25"]
[Round "3"]
[White "Martinez, Marcel"]
[Black "Hungaski, Robert Andrew"]
[Result "0-1"]
[WhiteTitle "FM"]
[BlackTitle "GM"]
[WhiteElo "2427"]
[BlackElo "2488"]
[WhiteTeam "Miami Champions"]
[BlackTeam "Patagonia Penguins"]
[WhiteFideId "2016249"]
[BlackFideId "2021030"]
[EventDate "2017.01.11"]

1. e4 c5 2. Nf3 Nc6 3. Bb5 e6 4. O-O Nge7 5. Re1 a6 6. Bf1 d5 7. exd5 Qxd5 8. g3
Nf5 9. Bg2 Qd8 10. Na3 Be7 11. Nc4 f6 12. a4 e5 13. d3 O-O 14. Nfd2 Qc7 15. a5
Be6 16. Nb6 Rad8 17. Ndc4 Nfd4 18. c3 Nb5 19. Qe2 Rfe8 20. f4 Bf8 21. Be4 exf4
22. Bxf4 Qf7 23. Qf3 Nba7 24. Qf1 Kh8 25. Rad1 Bg4 26. Bf3 Bf5 27. Rxe8 Rxe8 28.
Bd6 Be6 29. Qf2 Bxc4 30. Nxc4 Nxa5 31. Bxf8 Nxc4 32. Bxg7+ Kxg7 33. dxc4 Qe7 34.
Bg4 Rd8 35. Rxd8 Qxd8 36. Qxc5 Nc6 37. Qd5 Qb6+ 38. Kf1 Ne5 39. Be2 Qxb2 40. Qd4
Qb1+ 41. Kf2 Qf5+ 42. Kg2 Qe6 43. Qa7 Qc6+ 44. Kf2 Kh6 45. Qe3+ Kg7 46. Qd4 b6
47. Qd5 Qc5+ 48. Kg2 a5 49. Qb7+ Kh6 50. Qe4 Qd6 51. Qf4+ Kg7 52. Qd4 Qxd4 53.
cxd4 Nc6 54. c5 bxc5 55. dxc5 a4 56. Bd1 a3 57. Bb3 f5 58. Kf3 Nd4+ 59. Kf4 Nxb3
60. c6 Nd4 0-1

[Event "PRO League Atlantic 2017"]
[Site "chess.com INT"]
[Date "2017.01.25"]
[Round "3"]
[White "Martinez, Marcel"]
[Black "Leskovar, Matias"]
[Result "0-1"]
[WhiteTitle "FM"]
[BlackTitle "FM"]
[WhiteElo "2427"]
[BlackElo "2306"]
[WhiteTeam "Miami Champions"]
[BlackTeam "Patagonia Penguins"]
[WhiteFideId "2016249"]
[BlackFideId "106844"]
[EventDate "2017.01.11"]

1. e4 e5 2. Nf3 Nc6 3. Bb5 Nge7 4. Nc3 g6 5. d4 exd4 6. Nd5 Bg7 7. Bg5 h6 8. Bf6
Bxf6 9. Nxf6+ Kf8 10. Qd2 a6 11. Ba4 d5 12. Bxc6 bxc6 13. Qxd4 Ng8 14. Nxd5 cxd5
15. Qxh8 dxe4 16. Qd4 Qe7 17. Ne5 c5 18. Qd5 Qa7 19. O-O-O Nf6 20. Qd8+ Kg7 21.
Rd6 Be6 22. Qb6 Qe7 23. Rhd1 Ne8 24. Rd8 Qg5+ 25. Kb1 Rxd8 26. Qxd8 Qxe5 27. b3
Nf6 28. Qd6 Qc3 29. h3 c4 30. Qd4 Qa5 31. Kb2 g5 32. Qc3 Qb5 33. Rd6 Kg6 34. a4
Qc5 35. Qd4 c3+ 36. Ka2 Qxd4 37. Rxd4 Bd5 38. g3 Kf5 39. Ka3 Ke5 40. Rd1 Nd7 41.
Kb4 f5 42. Kxc3 f4 43. Kd2 h5 44. c4 Bc6 45. gxf4+ gxf4 46. Rg1 Kd4 47. Rg6 Ne5
48. Rd6+ Kc5 49. Rh6 h4 50. Rh5 Kd4 51. Kc2 e3 52. fxe3+ fxe3 53. Rxh4+ Be4+ 54.
Kd1 Kd3 55. Rxe4 Kxe4 56. Ke2 Nd3 57. h4 Nf4+ 58. Ke1 Kf3 59. c5 Nd3+ 60. Kd1
Nxc5 61. b4 e2+ 62. Kd2 Nxa4 63. h5 Kf2 0-1

[Event "PRO League Atlantic 2017"]
[Site "chess.com INT"]
[Date "2017.01.25"]
[Round "3"]
[White "Norowitz, Yaacov"]
[Black "Barbosa, Oliver"]
[Result "0-1"]
[WhiteTitle "IM"]
[BlackTitle "GM"]
[WhiteElo "2429"]
[BlackElo "2518"]
[WhiteTeam "Philadelphia Inventors"]
[BlackTeam "New York Knights"]
[WhiteFideId "2024799"]
[BlackFideId "5201640"]
[EventDate "2017.01.11"]

1. d4 d5 2. Nf3 Nf6 3. Bf4 c5 4. e3 Nc6 5. c3 e6 6. Nbd2 Bd6 7. Bg3 O-O 8. Bd3
b6 9. Ne5 Ne7 10. Qe2 Bb7 11. O-O Nf5 12. Bxf5 exf5 13. Bh4 Be7 14. Qf3 Ne4 15.
Bxe7 Qxe7 16. Qe2 Nd6 17. Rfe1 f6 18. Nd3 Ba6 19. Nf1 cxd4 20. cxd4 Rac8 21. Qd1
Ne4 22. f3 Nd6 23. Ng3 g6 24. Nf4 Bb7 25. Qa4 Nc4 26. b3 Bc6 27. Qa6 Bb7 28. Qa4
Bc6 29. Nxd5 Bxd5 30. bxc4 Rxc4 31. Qb5 Bf7 32. Rad1 Rc2 33. a4 h5 34. d5 h4 35.
Nf1 Rd8 36. e4 fxe4 37. Rxe4 Qa3 38. Rxh4 Rc5 39. Qa6 Rcxd5 40. Rxd5 Bxd5 41.
Qxa7 Qc5+ 42. Kh1 Bf7 43. Rh8+ Kxh8 44. Qxf7 Rd1 45. Qxf6+ Kh7 46. Qf7+ Kh6 47.
Qf4+ Kg7 0-1

[Event "PRO League Atlantic 2017"]
[Site "chess.com INT"]
[Date "2017.01.25"]
[Round "3"]
[White "Norowitz, Yaacov"]
[Black "Bonin, Jay R"]
[Result "1/2-1/2"]
[WhiteTitle "IM"]
[BlackTitle "IM"]
[WhiteElo "2429"]
[BlackElo "2260"]
[WhiteTeam "Philadelphia Inventors"]
[BlackTeam "New York Knights"]
[WhiteFideId "2024799"]
[BlackFideId "2000644"]
[EventDate "2017.01.11"]

1. d4 Nf6 2. Nf3 d6 3. c4 g6 4. g3 Bg7 5. Bg2 O-O 6. O-O c6 7. b3 Bg4 8. Bb2
Bxf3 9. Bxf3 Nbd7 10. Nc3 Re8 11. Bg2 e5 12. e3 exd4 13. exd4 Nb6 14. Qd3 d5 15.
Rad1 Qd7 16. a4 dxc4 17. bxc4 Qf5 18. Qxf5 gxf5 19. c5 Nbd5 20. Rfe1 Nxc3 21.
Bxc3 Ne4 22. Bxe4 fxe4 23. Rb1 b6 24. cxb6 axb6 25. Rec1 e3 26. Rxb6 c5 27. fxe3
Rxe3 28. Be1 Bxd4 29. Bf2 Rxa4 30. Rf1 Re6 31. Rb7 Rf6 32. Bxd4 Rxf1+ 33. Kxf1
Rxd4 34. Rc7 Rd5 35. Ke2 Kg7 36. Ke3 Kg6 37. Rc6+ f6 38. Rc7 h5 39. Rc8 Kf5 40.
Rc6 Kg4 41. Rxf6 Kh3 42. Ke4 Rd4+ 43. Ke3 Kxh2 44. Rf5 1/2-1/2

[Event "PRO League Atlantic 2017"]
[Site "chess.com INT"]
[Date "2017.01.25"]
[Round "3"]
[White "Peralta, Fernando"]
[Black "Volkov, Sergey"]
[Result "0-1"]
[WhiteTitle "GM"]
[BlackTitle "GM"]
[WhiteElo "2574"]
[BlackElo "2617"]
[WhiteTeam "Patagonia Penguins"]
[BlackTeam "Miami Champions"]
[WhiteFideId "105309"]
[BlackFideId "4122763"]
[EventDate "2017.01.11"]

1. d4 d5 2. c4 c6 3. Nf3 Nf6 4. Nc3 a6 5. h3 e6 6. e3 b5 7. b3 Bd6 8. Be2 Nbd7
9. O-O O-O 10. Bb2 Qe7 11. Qc2 Bb7 12. Rad1 bxc4 13. bxc4 dxc4 14. e4 e5 15.
dxe5 Nxe5 16. Nxe5 Bxe5 17. Bxc4 Rad8 18. Rfe1 h6 19. Bb3 Qc5 20. Na4 Qxc2 21.
Bxc2 Bxb2 22. Nxb2 c5 23. f3 Bc8 24. Bb3 Be6 25. Bxe6 fxe6 26. Nd3 Rc8 27. Rc1
Nd7 28. Red1 Rc7 29. Nb2 Kf7 30. Nc4 Ke7 31. Rb1 g5 32. Kf2 h5 33. Ke3 h4 34.
Rd3 Ra8 35. Ra3 Raa7 36. Ra5 Rc6 37. Ra3 Rc8 38. Ra5 Rc6 39. Ra3 Kf6 40. Rc3 Ne5
41. Na5 Rc8 42. Rb6 c4 43. Rd6 Rc5 44. Nb3 cxb3 45. Rxc5 bxa2 46. Rd1 Rb7 47.
Ra1 Rb2 48. Rc8 Rxg2 49. Rf8+ Ke7 50. Ra8 a5 51. f4 Rg3+ 52. Kd4 Nf3+ 53. Kc5
gxf4 54. Rxa5 Rxh3 55. R5xa2 Rg3 56. Ra7+ Kf6 57. Ra8 h3 58. Rf8+ Ke5 59. Rh8 h2 0-1